000 00620cam a22002052 4500
001 0000006060
005 20151217145829.0
008 070912s xx 000 0 eng d
020 _a8120326075 :
_cKES 2,450
040 _aKABU
_cKABU
100 1 _aStallings, William.
_@0000148223
245 1 0 _aISDN and broadband ISDN with frame relay and ATM.
250 _a 4th ed.
260 _aNew Delhi :
_bPrentice Hall,
_c1999.
300 _axvi, 542 p.
650 0 _aIntergrated services digital networks.
_@0000157429
908 _a070912
950 _@1
999 _c3036
_d3036